Statistics for Write the Synopsis - Disney Animated Movies

Click here to take the quiz!

General Stats

  • This quiz has been taken 72 times
  • The average score is 26 of 45

Answers on the Map

Answers color-coded by a green-red scale on the quiz's map according to % correct below.
 

Answer Stats

Answer% Correct
a
95%
the
89%
boy
83%
lion
83%
of
79%
to
79%
family
74%
his
74%
simba
74%
uncle
71%
with
71%
and
68%
by
68%
cricket
67%
father
67%
puppet
67%
are
64%
bear
62%
baloo
61%
girl
59%
her
59%
powers
59%
real
59%
as
56%
throne
56%
bagheera
53%
become
52%
jungle
52%
for
50%
have
50%
who
50%
human
48%
leave
45%
wants
45%
without
44%
only
42%
being
41%
time
39%
has
38%
trying
38%
colombian
33%
himself
33%
prove
32%
must
24%
face
23%

Score Distribution

Percentile by Number Answered

Percent of People with Each Score

Your Score History

You have not taken this quiz